| 000 | 01184cam a22003257a 4500 | ||
|---|---|---|---|
| 003 | CHAP | ||
| 005 | 20220817042839.0 | ||
| 008 | 971013s r 00010 d | ||
| 010 | _a57560 | ||
| 011 | _a58532 | ||
| 035 | _a62687 | ||
| 040 | _cCHAP | ||
| 090 | _aFolleto 1297 | ||
| 100 | 0 | 0 |
_aStakman, Elvin Charles. _9109404 |
| 245 | 1 | 3 |
_aLa evolución de conceptos y prácticas en la educación _b: seminarios presentados ante profesores y alumnos del Colegio de Postgraduados y de la Ecuela Nacional de Agricultura en Chapingo, Méx. |
| 260 |
_a(s.l.) : _b(s.e.), _c(s.a.) |
||
| 300 | _a70 p. | ||
| 590 |
_aBATCH-UPD _b10 _c20130110 _lUCH01 _h0352 |
||
| 590 |
_aBATCH-UPD _b10 _c20130110 _lUCH01 _h1927 |
||
| 590 |
_aBATCH-UPD _b10 _c20130410 _lUCH01 _h0026 |
||
| 590 |
_aBATCH-UPD _b10 _c20130914 _lUCH01 _h1237 |
||
| 590 |
_aCONVERSION _b10 _c20130109 _lUCH01 _h1331 |
||
| 650 | 1 | 4 | _aEducación superior. |
| 650 | 1 | 4 |
_aEducación _xHistoria. _935450 |
| 710 | 0 |
_aENA. Colegio de Postgraduados. Chapingo, Méx. _936679 |
|
| 901 | _aBK | ||
| 942 | _cFOLL | ||
| 949 |
_aFolleto 1297 _bBC _cFOLL _d-134281 _eTS1 _i62687 _si |
||
| 949 |
_aFolleto 1297 _bBC _cUACH _d-134282 _eUACH _fc.2 _i62687 _si |
||
| 999 |
_c57560 _d57560 |
||